| 000 | 00566nam a2200181 i 4500 | ||
|---|---|---|---|
| 001 | 42798 | ||
| 003 | ES-MaACL | ||
| 005 | 20230906160700.0 | ||
| 007 | t| | ||
| 008 | 030314s1970 sp ||||1| spa d | ||
| 100 | 1 |
_aCerezo Hijano, Francisco. _937507 |
|
| 245 | 1 | 0 |
_aGuetaria... / _cFrancisco Cerezo Hijano. |
| 260 |
_aSan Sebastián : _bCaja de Ahorros Municipal, _c1970. |
||
| 300 |
_a104 p., 10 lám. ; _c20 cm. |
||
| 651 | 4 |
_aGetaria- _xHistoria. _9159091 |
|
| 710 | 2 |
_aCaja de Ahorros Municipal de San Sebastián. _92300 |
|
| 852 |
_aES-MaACL _jC-50068 _bR.74334 |
||
| 999 |
_c42798 _d42798 |
||